PR-SOF-1870-Prescription Interpreter (Record no. 578888)
[ view plain ]
| 000 -LEADER | |
|---|---|
| fixed length control field | 00381nam a22001217a 4500 |
| 082 ## - DEWEY DECIMAL CLASSIFICATION NUMBER | |
| Classification number | 220 PRO |
| 100 ## - MAIN ENTRY--PERSONAL NAME | |
| Personal name | NC ALI RAZA NC ARSALAN MUMTAZ GC MAZHAR FAREED |
| 9 (RLIN) | 72939 |
| 245 ## - TITLE STATEMENT | |
| Title | PR-SOF-1870-Prescription Interpreter |
| 260 ## - PUBLICATION, DISTRIBUTION, ETC. | |
| Place of publication, distribution, etc. | ISLAMABAD |
| Name of publisher, distributor, etc. | NUST COLLEGE OF EME |
| Date of publication, distribution, etc. | 2020 |
| 650 ## - SUBJECT ADDED ENTRY--TOPICAL TERM | |
| Topical term or geographic name entry element | DE-COMP-38 |
| 9 (RLIN) | 72940 |
| 700 ## - ADDED ENTRY--PERSONAL NAME | |
| Personal name | SUPERVISOR LEC ALI SAEED DR. SAJID GUL KHAWAJA |
| 9 (RLIN) | 72941 |
| 942 ## - ADDED ENTRY ELEMENTS (KOHA) | |
| Koha item type | Continuing Resources |
| Withdrawn status | Lost status | Damaged status | Not for loan | Collection code | Permanent Location | Current Location | Shelving location | Date acquired | Total Checkouts | Full call number | Barcode | Date last seen | Price effective from | Koha item type |
|---|---|---|---|---|---|---|---|---|---|---|---|---|---|---|
| College of Electrical & Mechanical Engineering (CEME) | College of Electrical & Mechanical Engineering (CEME) | General Stacks | 02/08/2021 | 220 PRO | PR-SOF-1870 | 06/28/2021 | 06/28/2021 | Continuing Resources |
